Opera Omnia
Saved in:
| Hovedforfatter: | |
|---|---|
| Format: | Bog |
| Sprog: | latin |
| Udgivet: |
Florencia
Ex Typographia Collegu S. Bonaventurae
1950
|
| Fag: | |
| Tags: |
Tilføj Tag
Ingen Tags, Vær først til at tagge denne postø!
|
MARC
| LEADER | 00000nam a2200000 a 4500 | ||
|---|---|---|---|
| 001 | UCY1340 | ||
| 003 | CL-VaPUC | ||
| 008 | 940830e19500000IT |||||||||||||||||lat|d | ||
| 082 | 0 | 4 | |a 189.4 |b BER |2 21 |
| 100 | 0 | |a Bernardini, Senensis |e author |9 329290 | |
| 245 | 1 | 0 | |a Opera Omnia |
| 300 | |a v | ||
| 942 | |c BK | ||
| 945 | |d 19940830 00:00:00 |a aalvarez | ||
| 260 | |a Florencia |b Ex Typographia Collegu S. Bonaventurae |c 1950 | ||
| 650 | 0 | |a Escolasticismo |9 264998 | |
| 583 | |a last modification |c 20120821 07:37:40 |k Rodrigo Vera | ||
| 999 | |c 230074 |d 230072 | ||
| 952 | |0 0 |1 0 |4 0 |6 189_400000000000000_BER_1950 |7 0 |8 P |9 231939 |a BIBEDU |b BIBEDU |c BIBEDU_PB |d 2019-11-15 |h v.1 |i 3010929 |o 189.4 BER 1950 |p 3010929 |r 2024-01-25 |w 2019-11-15 |y BK |k FIL | ||
| 952 | |0 0 |1 0 |4 0 |6 189_400000000000000_BER_1950 |7 0 |8 P |9 231940 |a BIBEDU |b BIBEDU |c BIBEDU_PB |d 2019-11-15 |h v.2 |i 3010937 |o 189.4 BER 1950 |p 3010937 |r 2024-01-25 |w 2019-11-15 |y BK |k FIL | ||
| 952 | |0 0 |1 0 |4 0 |6 189_400000000000000_BER_1950 |7 0 |8 P |9 231941 |a BIBEDU |b BIBEDU |c BIBEDU_PB |d 2019-11-15 |h v.3 |i 3010945 |o 189.4 BER 1950 |p 3010945 |r 2024-01-25 |w 2019-11-15 |y BK |k FIL | ||
| 952 | |0 0 |1 0 |4 0 |6 189_400000000000000_BER_1950 |7 0 |8 P |9 231942 |a BIBEDU |b BIBEDU |c BIBEDU_PB |d 2019-11-15 |h v.4 |i 3010953 |o 189.4 BER 1950 |p 3010953 |r 2024-01-25 |w 2019-11-15 |y BK |k FIL | ||
| 952 | |0 0 |1 0 |4 0 |6 189_400000000000000_BER_1950 |7 0 |8 P |9 231943 |a BIBEDU |b BIBEDU |c BIBEDU_PB |d 2019-11-15 |h v.5 |i 3010961 |o 189.4 BER 1950 |p 3010961 |r 2024-01-25 |w 2019-11-15 |y BK |k FIL | ||
| 952 | |0 0 |1 0 |4 0 |6 189_400000000000000_BER_1950 |7 0 |8 P |9 231944 |a BIBEDU |b BIBEDU |c BIBEDU_PB |d 2019-11-15 |h v.6 |i 301097K |o 189.4 BER 1950 |p 301097K |r 2024-01-25 |w 2019-11-15 |y BK |k FIL | ||
| 952 | |0 0 |1 0 |4 0 |6 189_400000000000000_BER_1950 |7 0 |8 P |9 231945 |a BIBEDU |b BIBEDU |c BIBEDU_PB |d 2019-11-15 |h v.7 |i 3010988 |o 189.4 BER 1950 |p 3010988 |r 2024-01-25 |w 2019-11-15 |y BK |k FIL | ||
| 952 | |0 0 |1 0 |4 0 |6 189_400000000000000_BER_1950 |7 0 |8 P |9 231946 |a BIBEDU |b BIBEDU |c BIBEDU_PB |d 2019-11-15 |h v.8 |i 3010996 |o 189.4 BER 1950 |p 3010996 |r 2024-01-25 |w 2019-11-15 |y BK |k FIL | ||
| 952 | |0 0 |1 0 |4 0 |6 189_400000000000000_BER_1950 |7 0 |8 P |9 231947 |a BIBEDU |b BIBEDU |c BIBEDU_PB |d 2019-11-15 |h v.9 |i 3011003 |o 189.4 BER 1950 |p 3011003 |r 2024-01-25 |w 2019-11-15 |y BK |k FIL | ||